[Event "Sofia Accedia GM"]
[Site "Sofia"]
[Date "2021.10.28"]
[Round "8"]
[White "Petrov, Martin"]
[Black "Vasilev, Milen"]
[Result "1-0"]
[WhiteElo "2540"]
[BlackElo "2378"]
[PlyCount "55"]
[EventDate "2021.10.23"]
[EventType "tourn"]
[EventRounds "9"]
[EventCountry "BUL"]
[EventCategory "6"]
[SourceTitle "CBM 204 Extra"]
[Source "ChessBase"]
[SourceDate "2021.11.30"]
[SourceVersion "1"]
[SourceVersionDate "2021.11.30"]
[SourceQuality "1"]

1. e4 c5 2. Nf3 d6 3. d4 cxd4 4. Nxd4 Nf6 5. Nc3 g6 6. Be3 Bg7 7. f3 0-0 8. Qd2 Nc6 9. Bc4 Bd7 10. h4 h5 11. 0-0-0 Rc8 12. Bb3 Nxd4 13. Bxd4 b5 14. g4 a5 15. gxh5 a4 16. h6 Bh8 17. h5 axb3 18. h7+ Kg7 19. Rdg1 bxa2 20. Nxa2 e5 21. Be3 g5 22. Rxg5+ Kxh7 23. h6 Rg8 24. Rg7+ Bxg7 25. hxg7+ Nh5 26. Qg2 Rxg7 27. Rxh5+ Kg8 28. Qh2 1-0

[Event "Sofia Accedia GM"]
[Site "Sofia"]
[Date "2021.10.26"]
[Round "6"]
[White "Vasilev, Milen"]
[Black "Czerw, Dawid"]
[Result "1-0"]
[WhiteElo "2378"]
[BlackElo "2401"]
[PlyCount "75"]
[EventDate "2021.10.23"]
[EventType "tourn"]
[EventRounds "9"]
[EventCountry "BUL"]
[EventCategory "6"]
[SourceTitle "CBM 204 Extra"]
[Source "ChessBase"]
[SourceDate "2021.11.30"]
[SourceVersion "1"]
[SourceVersionDate "2021.11.30"]
[SourceQuality "1"]

1. d4 Nf6 2. Bg5 e6 3. Nf3 h6 4. Bh4 c5 5. e3 cxd4 6. exd4 Qb6 7. b3 Nc6 8. Bxf6 gxf6 9. Be2 d5 10. 0-0 Bd7 11. c4 dxc4 12. bxc4 Bg7 13. Nc3 Qd8 14. d5 Ne7 15. dxe6 fxe6 16. Qd6 Nf5 17. Qf4 0-0 18. Rad1 e5 19. Qe4 Qc8 20. Rxd7 Qxd7 21. Bd3 Ne7 22. Qh7+ Kf7 23. Nd5 Rh8 24. Qe4 Nxd5 25. cxd5 h5 26. d6 Rad8 27. Bc4+ Kf8 28. Nh4 Bh6 29. Ng6+ Kg7 30. Nxh8 Kxh8 31. Rd1 Qg4 32. Qd5 Bf8 33. d7 b6 34. h3 Qg7 35. Qe6 Be7 36. Rd3 h4 37. Rf3 Bc5 38. Rxf6 1-0

[Event "Albena op"]
[Site "Albena"]
[Date "2017.06.23"]
[Round "7"]
[White "Vasilev, Milen"]
[Black "Andronescu, Madalin"]
[Result "0-1"]
[WhiteElo "2425"]
[BlackElo "2176"]
[PlyCount "54"]
[EventDate "2017.06.17"]
[EventType "swiss"]
[EventRounds "9"]
[EventCountry "BUL"]
[SourceTitle "CBM 179 Extra"]
[Source "ChessBase"]
[SourceDate "2017.08.23"]
[SourceVersion "1"]
[SourceVersionDate "2017.08.23"]
[SourceQuality "1"]

1. d4 Nf6 2. Bg5 Ne4 3. Bh4 c5 4. f3 Qa5+ 5. c3 g5 6. fxe4 gxh4 7. e3 Bh6 8. Kf2 cxd4 9. exd4 Qg5 10. Qe2 b6 11. Na3 Ba6 12. c4 Nc6 13. Nf3 Qg7 14. e5 f6 15. e6 d5 16. Qc2 0-0 17. Qa4 Bb7 18. cxd5 Ne5 19. dxe5 fxe5 20. Qxh4 Bxd5 21. Rd1 Rad8 22. Bc4 Bxf3 23. gxf3 Rxf3+ 24. Ke1 Re3+ 25. Be2 Rxe2+ 26. Kxe2 Qg2+ 27. Qf2 Qe4+ 0-1

[Event "Albena op"]
[Site "Albena"]
[Date "2017.06.20"]
[Round "4"]
[White "Dolzhikova, Kateryna"]
[Black "Vasilev, Milen"]
[Result "1-0"]
[WhiteElo "2239"]
[BlackElo "2425"]
[PlyCount "57"]
[EventDate "2017.06.17"]
[EventType "swiss"]
[EventRounds "9"]
[EventCountry "BUL"]
[SourceTitle "CBM 179 Extra"]
[Source "ChessBase"]
[SourceDate "2017.08.23"]
[SourceVersion "1"]
[SourceVersionDate "2017.08.23"]
[SourceQuality "1"]

1. e4 e5 2. Nf3 Nc6 3. Nc3 g6 4. d4 exd4 5. Nd5 Bg7 6. Bg5 f6 7. Bf4 d6 8. Nxd4 Nge7 9. Bc4 Ne5 10. Bb3 Nxd5 11. Bxd5 c6 12. Bb3 Qe7 13. 0-0 Bd7 14. Bg3 c5 15. Ne2 0-0-0 16. Nf4 Bb5 17. Nd5 Qd7 18. Re1 c4 19. a4 Ba6 20. Ba2 Qxa4 21. f4 Nc6 22. Bb3 Qxa1 23. Qxa1 cxb3 24. cxb3 Rhe8 25. Rc1 Kd7 26. Rxc6 bxc6 27. Qxa6 cxd5 28. Qb7+ Ke6 29. f5+ 1-0

[Event "Albena op"]
[Site "Albena"]
[Date "2017.06.19"]
[Round "3"]
[White "Vasilev, Milen"]
[Black "Nikolov, Momchil"]
[Result "1/2-1/2"]
[WhiteElo "2425"]
[BlackElo "2567"]
[PlyCount "50"]
[EventDate "2017.06.17"]
[EventType "swiss"]
[EventRounds "9"]
[EventCountry "BUL"]
[SourceTitle "CBM 179 Extra"]
[Source "ChessBase"]
[SourceDate "2017.08.23"]
[SourceVersion "1"]
[SourceVersionDate "2017.08.23"]
[SourceQuality "1"]

1. d4 Nf6 2. c4 e6 3. Nf3 b6 4. g3 Bb7 5. Bg2 Be7 6. 0-0 0-0 7. d5 exd5 8. Nh4 c6 9. cxd5 Nxd5 10. Nf5 Nc7 11. Nc3 d5 12. e4 Bf6 13. exd5 cxd5 14. Bf4 Nba6 15. Re1 Bc8 16. Qh5 g6 17. Nh6+ Kg7 18. Qf3 Bg5 19. Ng4 Bxf4 20. Qxf4 Bxg4 21. Qxg4 Qf6 22. Bxd5 Rad8 23. Rad1 Nc5 24. Bc4 Rxd1 25. Rxd1 Rd8 1/2-1/2

[Event "Plovdiv Tringov Memorial 36th"]
[Site "Plovdiv"]
[Date "2014.02.09"]
[Round "9"]
[White "Vasilev, Milen"]
[Black "Zajic, Milan"]
[Result "1-0"]
[WhiteElo "2487"]
[BlackElo "2347"]
[PlyCount "81"]
[EventDate "2014.02.02"]
[EventType "swiss"]
[EventRounds "9"]
[EventCountry "BUL"]
[SourceTitle "CBM 158 Extra"]
[Source "ChessBase"]
[SourceDate "2014.02.28"]
[SourceVersion "1"]
[SourceVersionDate "2014.02.28"]
[SourceQuality "1"]

1. d4 d5 2. c4 c6 3. Nf3 Nf6 4. e3 Bg4 5. h3 Bxf3 6. Qxf3 e6 7. Nc3 Nbd7 8. Bd3 Bb4 9. a3 Ba5 10. 0-0 0-0 11. b4 Bc7 12. b5 Re8 13. bxc6 bxc6 14. Bd2 e5 15. cxd5 cxd5 16. Bb5 exd4 17. exd4 Ba5 18. Rad1 Bxc3 19. Bxc3 Re6 20. Bb4 a6 21. Bd3 Ne4 22. Qf4 a5 23. Be1 Nb6 24. f3 Nd6 25. Bh4 Qd7 26. Rde1 Rae8 27. Re5 f6 28. Rxe6 Rxe6 29. Bg3 Nbc4 30. Qh4 g6 31. Rb1 Kg7 32. Bf4 Nf7 33. Qg4 Qe8 34. Rb7 Nxa3 35. h4 Re7 36. Rb8 Re1+ 37. Kh2 Qe6 38. Qg3 Rd1 39. h5 g5 40. h6+ Kxh6 41. Qh4+ 1-0

[Event "Plovdiv Tringov Memorial 36th"]
[Site "Plovdiv"]
[Date "2014.02.08"]
[Round "8"]
[White "Djukic, Nikola"]
[Black "Vasilev, Milen"]
[Result "1-0"]
[WhiteElo "2542"]
[BlackElo "2487"]
[PlyCount "147"]
[EventDate "2014.02.02"]
[EventType "swiss"]
[EventRounds "9"]
[EventCountry "BUL"]
[SourceTitle "CBM 158 Extra"]
[Source "ChessBase"]
[SourceDate "2014.02.28"]
[SourceVersion "1"]
[SourceVersionDate "2014.02.28"]
[SourceQuality "1"]

1. e4 e5 2. Nf3 Nc6 3. Bb5 Nf6 4. 0-0 Nxe4 5. d4 Nd6 6. Bxc6 dxc6 7. dxe5 Nf5 8. Qxd8+ Kxd8 9. Rd1+ Ke8 10. Nc3 Be7 11. Bg5 Bxg5 12. Nxg5 h6 13. Nf3 Be6 14. Ne2 Bd5 15. Nfd4 Nxd4 16. Nxd4 Rd8 17. f3 a6 18. b3 c5 19. Nf5 g6 20. Ne3 Bc6 21. Rxd8+ Kxd8 22. Kf2 Ke7 23. Rd1 Ke6 24. f4 h5 25. c4 g5 26. fxg5 Kxe5 27. h4 f6 28. gxf6 Kxf6 29. g4 Kg6 30. Kg3 Re8 31. Nd5 hxg4 32. Kxg4 Bxd5 33. Rxd5 Re4+ 34. Kg3 Re2 35. Rxc5 c6 36. Ra5 Kf6 37. h5 Rd2 38. Kf4 Rd4+ 39. Ke3 Rh4 40. Kd3 Rh2 41. Kc3 Ke6 42. a3 Rh3+ 43. Kb4 Kf6 44. Rc5 Rh4 45. Ka5 Rh3 46. b4 Rxa3+ 47. Kb6 Rb3 48. Kxb7 Rxb4+ 49. Kxa6 Ke7 50. Ka5 Rb1 51. Rxc6 Kd7 52. Rg6 Kc7 53. h6 Kb7 54. Ka4 Kc7 55. Ka3 Kd7 56. Ka2 Rh1 57. Kb3 Rh3+ 58. Kb4 Rh5 59. c5 Rh1 60. Kb5 Rb1+ 61. Ka6 Kc7 62. Ka5 Rb2 63. Rb6 Rh2 64. Kb4 Rh4+ 65. Kb5 Rh1 66. Rg6 Rb1+ 67. Kc4 Rd1 68. Rg8 Rh1 69. Rh8 Kb7 70. h7 Rh6 71. Kd4 Rh4+ 72. Ke3 Rh3+ 73. Kf4 Ka7 74. c6 1-0

[Event "Plovdiv Tringov Memorial 36th"]
[Site "Plovdiv"]
[Date "2014.02.04"]
[Round "3"]
[White "Vasilev, Milen"]
[Black "Danov, Lyubomir"]
[Result "0-1"]
[WhiteElo "2487"]
[BlackElo "2226"]
[PlyCount "74"]
[EventDate "2014.02.02"]
[EventType "swiss"]
[EventRounds "9"]
[EventCountry "BUL"]
[SourceTitle "CBM 158 Extra"]
[Source "ChessBase"]
[SourceDate "2014.02.28"]
[SourceVersion "1"]
[SourceVersionDate "2014.02.28"]
[SourceQuality "1"]

1. d4 d5 2. Nf3 Nf6 3. Bf4 g6 4. e3 Bg7 5. c4 0-0 6. Nc3 c5 7. dxc5 Qa5 8. Be5 Nc6 9. Bd4 Bg4 10. cxd5 Nxd4 11. exd4 Nxd5 12. Qd2 Bxf3 13. gxf3 Rad8 14. Rd1 Nb4 15. a3 Nc6 16. Ne2 Qc7 17. Qe3 e5 18. dxe5 Nxe5 19. Rxd8 Rxd8 20. Nc3 Qd7 21. Be2 Nc4 22. Qc1 Nd2 23. Ne4 Qh3 24. Nxd2 Bh6 25. Qc2 Bxd2+ 26. Qxd2 Rxd2 27. Kxd2 Qg2 28. Rc1 Qxh2 29. b4 h5 30. b5 Qc7 31. c6 h4 32. Bf1 Kf8 33. Bg2 bxc6 34. bxc6 Ke7 35. Rc4 Kd8 36. Kc2 Qh2 37. Rg4 h3 0-1

[Event "Blagoevgrad op"]
[Site "Blagoevgrad"]
[Date "2013.09.29"]
[Round "3"]
[White "Galunova, Tsveta"]
[Black "Vasilev, Milen"]
[Result "0-1"]
[WhiteElo "2024"]
[BlackElo "2487"]
[PlyCount "94"]
[EventDate "2013.09.28"]
[EventType "swiss"]
[EventRounds "9"]
[EventCountry "BUL"]
[SourceTitle "CBM 156 Extra"]
[Source "ChessBase"]
[SourceDate "2013.10.22"]
[SourceVersion "1"]
[SourceVersionDate "2013.10.22"]
[SourceQuality "1"]

1. e4 c5 2. c3 b6 3. d4 Bb7 4. d5 Nf6 5. Bd3 e5 6. Ne2 Be7 7. Ng3 d6 8. 0-0 Nbd7 9. c4 Bc8 10. Nc3 0-0 11. Nf5 Ne8 12. Qg4 Ndf6 13. Qf3 Kh8 14. a4 Ng8 15. a5 bxa5 16. Bd2 Bg5 17. Bxg5 Qxg5 18. Rxa5 g6 19. Ne3 f5 20. Rfa1 a6 21. h3 Rb8 22. R1a2 Ng7 23. Be2 Nh6 24. Bd1 Kg8 25. Qe2 f4 26. Ng4 f3 27. Qe3 Rf4 28. Bxf3 Nxg4 29. Bxg4 Bxg4 30. hxg4 Qxg4 31. Rxa6 Rbf8 32. Qg3 Qh5 33. Ra8 Ne8 34. R2a7 Rh4 35. f3 Qh6 36. Kf2 Qd2+ 37. Ne2 Rxe4 38. Kg1 Rxe2 39. Re7 Re1+ 40. Kh2 Qh6+ 41. Qh3 Qf4+ 42. Qg3 Rh1+ 43. Kxh1 Qxg3 44. Rexe8 Rxe8 45. Rxe8+ Kf7 46. Re6 Qh4+ 47. Kg1 Qxc4 0-1

[Event "Plovdiv Tringov Memorial 35th"]
[Site "Plovdiv"]
[Date "2013.02.10"]
[Round "9"]
[White "Lilov, Valeri"]
[Black "Vasilev, Milen"]
[Result "0-1"]
[WhiteElo "2433"]
[BlackElo "2473"]
[PlyCount "104"]
[EventDate "2013.02.03"]
[EventType "swiss"]
[EventRounds "9"]
[EventCountry "BUL"]
[SourceTitle "CBM 152 Extra"]
[Source "ChessBase"]
[SourceDate "2013.02.25"]
[SourceVersion "1"]
[SourceVersionDate "2013.02.25"]
[SourceQuality "1"]

1. e4 c5 2. Nc3 Nc6 3. f4 e6 4. Nf3 d5 5. Bb5 d4 6. Ne2 Bd7 7. 0-0 a6 8. Bxc6 Bxc6 9. d3 Nf6 10. Ne5 Qc7 11. c3 dxc3 12. bxc3 Be7 13. c4 0-0 14. Bb2 Rfd8 15. Qc2 b5 16. Rf3 Rab8 17. Raf1 bxc4 18. Nxc4 Nd7 19. Bc3 Rf8 20. Rg3 f6 21. Ba5 Qa7 22. Nc3 Rb5 23. Qe2 Rf7 24. a4 Rb3 25. f5 e5 26. Qa2 Rb8 27. Kh1 Bf8 28. h3 Qb7 29. Rb1 Qc8 30. Rxb8 Nxb8 31. Bb6 Qd7 32. Ne3 Qxd3 33. Kh2 Qd7 34. Ng4 Kh8 35. Qc4 Qb7 36. a5 Be8 37. Nd5 Bb5 38. Qc3 c4 39. Nge3 Qc6 40. Nc2 Nd7 41. Qf3 Nc5 42. Qh5 Rb7 43. Ncb4 Qc8 44. Qg4 Rf7 45. Nc3 Be8 46. Nbd5 Nd3 47. Be3 Qd8 48. Bb6 Qd6 49. Qe2 Qa3 50. Qg4 Qc1 51. Ne2 Qe1 52. Nc7 Rxc7 0-1

[Event "Plovdiv Tringov Memorial 35th"]
[Site "Plovdiv"]
[Date "2013.02.07"]
[Round "6"]
[White "Nevednichy, Vladislav"]
[Black "Vasilev, Milen"]
[Result "0-1"]
[WhiteElo "2542"]
[BlackElo "2473"]
[PlyCount "118"]
[EventDate "2013.02.03"]
[EventType "swiss"]
[EventRounds "9"]
[EventCountry "BUL"]
[SourceTitle "CBM 152 Extra"]
[Source "ChessBase"]
[SourceDate "2013.02.25"]
[SourceVersion "1"]
[SourceVersionDate "2013.02.25"]
[SourceQuality "1"]

1. c4 e5 2. g3 Nf6 3. Bg2 Nc6 4. Nc3 Bc5 5. d3 h6 6. Nf3 d6 7. 0-0 0-0 8. a3 a6 9. b4 Bb6 10. Nd2 Nd4 11. a4 c6 12. Ba3 Re8 13. c5 Bc7 14. e3 Nf5 15. cxd6 Nxd6 16. Nb3 Bg4 17. Qc2 Bf5 18. e4 Bc8 19. h3 b5 20. a5 Nb7 21. d4 Be6 22. d5 cxd5 23. exd5 Bc8 24. Nc5 Nd6 25. Rad1 Bf5 26. Qb3 Qc8 27. Kh2 e4 28. Ne2 Nc4 29. Bb2 Bd6 30. Bd4 Nxd5 31. Nc3 Nxc3 32. Qxc3 Bxc5 33. Bxc5 Qe6 34. Rfe1 Rad8 35. g4 Bg6 36. f4 Rxd1 37. Rxd1 f5 38. Qg3 Kh7 39. gxf5 Qxf5 40. Bf1 e3 41. Bd3 Qf7 42. f5 Bxf5 43. Rf1 g6 44. Bd4 Re7 45. Qb8 Qe8 46. Qxe8 Rxe8 47. Be2 Rd8 48. Bc3 Nd2 49. Rf4 Ne4 50. Be1 Rc8 51. Bd3 Nd6 52. Rd4 Rc6 53. Bxf5 Nxf5 54. Rd7+ Kg8 55. Kg2 Rc1 56. Kf1 Ng3+ 57. Kg2 Rxe1 58. Kxg3 e2 59. Kf2 Rd1 0-1

[Event "Sunny Beach op 10th"]
[Site "Sunny Beach"]
[Date "2011.09.03"]
[Round "8"]
[White "Vasilev, Milen"]
[Black "Dimitrov, Radoslav"]
[Result "0-1"]
[WhiteElo "2481"]
[BlackElo "2436"]
[PlyCount "130"]
[EventDate "2011.08.27"]
[EventType "swiss"]
[EventRounds "9"]
[EventCountry "BUL"]
[SourceTitle "CBM 144 Extra"]
[Source "ChessBase"]
[SourceDate "2011.10.28"]
[SourceVersion "1"]
[SourceVersionDate "2011.10.28"]
[SourceQuality "1"]

1. d4 Nf6 2. c4 e6 3. Nf3 Bb4+ 4. Bd2 Bxd2+ 5. Nbxd2 d6 6. g3 Nc6 7. Bg2 0-0 8. 0-0 e5 9. d5 Nb8 10. e4 a5 11. Ne1 Na6 12. a3 Bg4 13. f3 Bd7 14. Nd3 c6 15. b3 Qb6+ 16. Kh1 Qd4 17. Qe2 cxd5 18. exd5 b5 19. Rfd1 b4 20. a4 Qa7 21. Rac1 Nc5 22. Qe3 Nxd3 23. Qxd3 Qc5 24. Nf1 Rfe8 25. Qe3 Rac8 26. Qxc5 Rxc5 27. Ne3 Bc8 28. Kg1 g6 29. Kf2 Nd7 30. Bh3 f5 31. Bxf5 gxf5 32. Nxf5 Nf6 33. Nxd6 Rd8 34. Ne4 Nxe4+ 35. fxe4 Bg4 36. Rd3 Rd6 37. Kg2 Bh5 38. Re3 Bg6 39. Rf1 Kg7 40. g4 Rf6 41. Rf5 Bxf5 42. exf5 Rf8 43. Rxe5 Rcc8 44. Re7+ Kf6 45. Rxh7 Ke5 46. Re7+ Kf4 47. h3 Rh8 48. Re2 Rce8 49. Re6 Rc8 50. d6 Rhd8 51. f6 Rd7 52. Kf2 Rf7 53. Ke2 Kg5 54. Ke3 Rxf6 55. Re5+ Kg6 56. c5 Rf1 57. d7 Rd8 58. c6 Rc1 59. Re6+ Kf7 60. Rh6 Ke7 61. Ke4 Rg8 62. Kf4 Kd8 63. g5 Rf1+ 64. Ke4 Rb1 65. h4 Rxb3 0-1

[Event "Sunny Beach op 10th"]
[Site "Sunny Beach"]
[Date "2011.08.31"]
[Round "5"]
[White "Quillan, Gary"]
[Black "Vasilev, Milen"]
[Result "1/2-1/2"]
[WhiteElo "2398"]
[BlackElo "2481"]
[PlyCount "112"]
[EventDate "2011.08.27"]
[EventType "swiss"]
[EventRounds "9"]
[EventCountry "BUL"]
[SourceTitle "CBM 144 Extra"]
[Source "ChessBase"]
[SourceDate "2011.10.28"]
[SourceVersion "1"]
[SourceVersionDate "2011.10.28"]
[SourceQuality "1"]

1. e4 c5 2. Nf3 d6 3. Bb5+ Nd7 4. d4 Ngf6 5. 0-0 a6 6. Bxd7+ Nxd7 7. Re1 e6 8. Bg5 Qc7 9. Nc3 cxd4 10. Qxd4 Ne5 11. Nxe5 dxe5 12. Qd3 Bd7 13. Qg3 f6 14. Be3 Bc6 15. a3 b5 16. Rad1 a5 17. Qg4 Kf7 18. Qh5+ g6 19. Qe2 Qb7 20. f3 Be7 21. Qf2 Rhc8 22. Qh4 h5 23. Na2 b4 24. axb4 axb4 25. Nc1 Ba4 26. b3 Bb5 27. Rd2 Rc3 28. Kh1 Qc6 29. g4 Rh8 30. gxh5 Rxh5 31. Qf2 f5 32. Qg2 f4 33. Ba7 Qc7 34. Bg1 Qc8 35. Red1 Qh8 36. Nd3 Rg5 37. Qe2 Qh3 38. Ba7 Bf6 39. Rg1 Rxg1+ 40. Kxg1 Qh5 41. Qf2 g5 42. Bc5 g4 43. Bxb4 Rc8 44. c4 Bc6 45. Qa7+ Kg6 46. Rg2 Ra8 47. Qc7 Ra1+ 48. Ne1 Bxe4 49. fxe4 Qh4 50. Rf2 g3 51. Rg2 Bg5 52. Qxe5 gxh2+ 53. Kh1 Rxe1+ 54. Bxe1 Qxe1+ 55. Kxh2 Qh4+ 56. Kg1 Qe1+ 1/2-1/2

[Event "Sunny Beach op 10th"]
[Site "Sunny Beach"]
[Date "2011.08.27"]
[Round "1"]
[White "Dimitrov, Marin"]
[Black "Vasilev, Milen"]
[Result "0-1"]
[WhiteElo "2069"]
[BlackElo "2481"]
[PlyCount "52"]
[EventDate "2011.08.27"]
[EventType "swiss"]
[EventRounds "9"]
[EventCountry "BUL"]
[SourceTitle "CBM 144 Extra"]
[Source "ChessBase"]
[SourceDate "2011.10.28"]
[SourceVersion "1"]
[SourceVersionDate "2011.10.28"]
[SourceQuality "1"]

1. d4 Nf6 2. c4 c5 3. Nf3 cxd4 4. Nxd4 Nc6 5. Nc3 g6 6. g3 Bg7 7. Bg2 0-0 8. 0-0 Qb6 9. Nc2 d6 10. Ne3 Qc5 11. Bd2 Qh5 12. Ncd5 Ng4 13. Nxg4 Bxg4 14. f3 Bd7 15. g4 Qh4 16. Be1 Qh6 17. Bd2 Bd4+ 18. e3 Bg7 19. Kh1 e6 20. Nc3 Ne5 21. Qe2 f5 22. g5 Qh5 23. b3 Bc6 24. f4 Ng4 25. Bxc6 bxc6 26. Rf3 Nxh2 0-1

[Event "BUL-chT 61th"]
[Site "Albena"]
[Date "2011.06.06"]
[Round "5.4"]
[White "Vasilev, Milen"]
[Black "Georgiev, Krum"]
[Result "1/2-1/2"]
[WhiteElo "2474"]
[BlackElo "2423"]
[PlyCount "63"]
[EventDate "2011.06.02"]
[EventType "team-tourn"]
[EventRounds "7"]
[EventCountry "BUL"]
[SourceTitle "CBM 142 Extra"]
[Source "ChessBase"]
[SourceDate "2011.06.27"]
[SourceVersion "1"]
[SourceVersionDate "2011.06.27"]
[SourceQuality "1"]
[WhiteTeam "Razgrad Abritus"]
[BlackTeam "Pleven Spartak XXI"]
[WhiteTeamCountry "BUL"]
[BlackTeamCountry "BUL"]

1. d4 Nf6 2. Nf3 g6 3. c3 Bg7 4. g3 b6 5. Bg2 Bb7 6. 0-0 d6 7. Bg5 Nbd7 8. Nbd2 0-0 9. Ne1 Bxg2 10. Nxg2 c5 11. e3 Qc7 12. Qe2 Qb7 13. Qf3 Qxf3 14. Nxf3 h6 15. Bxf6 Bxf6 16. h4 h5 17. Nf4 Rfc8 18. Nd5 e6 19. Nxf6+ Nxf6 20. Rfc1 cxd4 21. cxd4 Ne4 22. Kf1 Kf8 23. Ke2 Ke7 24. Nd2 Nxd2 25. Kxd2 d5 26. b3 Kd7 27. f3 f6 28. Rxc8 Rxc8 29. Rc1 Rxc1 30. Kxc1 a6 31. Kc2 Kc6 32. Kc3 1/2-1/2

[Event "Kesarovski Georgiev Memorial 9th"]
[Site "Sunny Beach"]
[Date "2010.09.05"]
[Round "9"]
[White "Vasilev, Milen"]
[Black "Dimitrov, Radoslav"]
[Result "0-1"]
[WhiteElo "2473"]
[BlackElo "2380"]
[PlyCount "80"]
[EventDate "2010.08.28"]
[EventType "swiss"]
[EventRounds "9"]
[EventCountry "BUL"]
[SourceTitle "CBM 138 Extra"]
[Source "ChessBase"]
[SourceDate "2010.10.29"]
[SourceVersion "1"]
[SourceVersionDate "2010.10.29"]
[SourceQuality "1"]

1. d4 Nf6 2. c4 e6 3. Nf3 b6 4. g3 Ba6 5. b3 Bb4+ 6. Bd2 Be7 7. Bg2 c6 8. Bc3 d5 9. Nbd2 Nbd7 10. 0-0 0-0 11. Ne5 Nxe5 12. dxe5 Nd7 13. Qc2 Qc7 14. f4 b5 15. e4 dxc4 16. bxc4 bxc4 17. Nf3 Nc5 18. f5 Rfd8 19. Nd4 Nd3 20. Nf3 Qb6+ 21. Kh1 Qe3 22. h3 Rab8 23. Kh2 Nb4 24. Bxb4 Bxb4 25. fxe6 fxe6 26. Qa4 Rb6 27. Rab1 Be7 28. Rxb6 Qxb6 29. h4 c3 30. Rc1 Rd3 31. Ne1 Re3 32. Qd1 Qc5 33. Qd7 Qxe5 34. Qxe7 Qxg3+ 35. Kg1 Rxe1+ 36. Rxe1 Qxe1+ 37. Kh2 h6 38. h5 Qf2 39. Qe8+ Qf8 40. Qxc6 Qc8 0-1

[Event "Kesarovski Georgiev Memorial 9th"]
[Site "Sunny Beach"]
[Date "2010.09.03"]
[Round "7"]
[White "Nikolov, Sasho"]
[Black "Vasilev, Milen"]
[Result "0-1"]
[WhiteElo "2409"]
[BlackElo "2473"]
[PlyCount "80"]
[EventDate "2010.08.28"]
[EventType "swiss"]
[EventRounds "9"]
[EventCountry "BUL"]
[SourceTitle "CBM 138 Extra"]
[Source "ChessBase"]
[SourceDate "2010.10.29"]
[SourceVersion "1"]
[SourceVersionDate "2010.10.29"]
[SourceQuality "1"]

1. d4 d5 2. c4 c6 3. Nf3 dxc4 4. e3 Be6 5. a4 Nf6 6. Nc3 g6 7. Ng5 Bd5 8. e4 h6 9. exd5 hxg5 10. dxc6 Nxc6 11. Bxc4 Qxd4 12. Qb3 0-0-0 13. Bxf7 Ng4 14. Be3 Nxe3 15. Qe6+ Kb8 16. Qxe3 Ne5 17. Qxd4 Rxd4 18. Bd5 Nd3+ 19. Kf1 Bg7 20. Rb1 Rf8 21. f3 Nf4 22. Be4 Rd2 23. g3 Ne6 24. Ne2 Nc5 25. Bxg6 Rxf3+ 26. Ke1 Nb3 27. Bh5 Re3 28. Rf1 Bd4 29. Rf5 Bf6 30. Rd1 Rxb2 31. Rb5 a6 32. Rbd5 Ra2 33. Kf2 Re4 34. Bf3 Rexa4 35. Rb1 Nd2 36. Rxd2 Rxd2 37. Rxb7+ Kc8 38. Ke3 Rb2 39. Ra7 Ra3+ 40. Ke4 Rb4+ 0-1